<A> Method for Managing Sentiments by Linguistic Term Sets and Fuzzified Databases

Analýza výpočtu intenzity sentimentov a ich riadenia bez straty informácií v relačnej databáze. Využitie množiny lingvistických výrazov. Ukladanie údajov do fuzzy-meta modelu a dopytovanie sentimentov.

Saved in:
Bibliographic Details
Main Author: Hudec, Miroslav, 1969-
Format: Book Chapter
Language:English
Subjects:
Tags: Add Tag
No Tags, Be the first to tag this record!

MARC

LEADER 00000naa$a2200000$$$4500
001 0259980
005 20240502083741.8
041 0 |a eng 
044 |a RS 
245 1 0 |a <A> Method for Managing Sentiments by Linguistic Term Sets and Fuzzified Databases  |c Miroslav Hudec 
520 |a Analýza výpočtu intenzity sentimentov a ich riadenia bez straty informácií v relačnej databáze. Využitie množiny lingvistických výrazov. Ukladanie údajov do fuzzy-meta modelu a dopytovanie sentimentov. 
610 2 0 |a systémy databázové 
610 2 0 |a dáta 
610 2 0 |a metódy ekonometrické 
610 2 0 |a intenzita sentimentu 
100 1 |a Hudec, Miroslav, 1969-